Plats avec du Poisson - Mort Subite - Statistiques

Statistiques générales
  • Ce quiz a été pris 422 fois
  • Le résultat moyen est 5 sur 16
Answers on the Grid
Answers color-coded by a green-red scale on the quiz's grid according to % correct below.
Sole meunière
Gibelotte de Sorel
Thiéboudiène
Doré poêlé / Dorade à la poêle
Salade niçoise
Ttoro
Ceviche
Poke
Gravlax
Bouillabaisse
Surströmming
Tekkamaki (Sushi)
Fish and chips
Pissaladière
Saumon coulibiac
Bacalhau com natas
Yakitori
Tonkatsu
Tamagoyaki
Spaghetti alle vongole
Choripán
Pizza hawaïenne
Salade parisienne
Huîtres chaudes au champagne
Moules marinières
Daube provençale
Paella valenciana
Homard Thermidor
 
Statistiques - réponses
Réponse % Correct
Fish and chips
53%
Saumon coulibiac
51%
Sole meunière
47%
Bouillabaisse
43%
Doré poêlé / Dorade à la poêle
41%
Ceviche
35%
Gravlax
33%
Tekkamaki (Sushi)
30%
Poke
29%
Pissaladière
25%
Salade niçoise
24%
Bacalhau com natas
18%
Surströmming
17%
Thiéboudiène
11%
Gibelotte de Sorel
7%
Ttoro
3%
Aucun quiz correspondant
Distribution des résultats
% des personnes avec chaque résultat
Percentile par nombre de réponses
Votre historique - résultats
Vous n’avez pas pris ce quiz